[Event "AUTO-MASTER-3094"]
[Site "http://www.queenalice.com/game.php?id=1783678"]
[Date "2022.2.28"]
[Round "1"]
[White "Takeda"]
[Black "Wenderson"]
[Result "1-0"]
[WhiteElo "2148"]
[BlackElo "1921"]

1. e4 e5 2. Nf3 Nc6 3. d4 Bb4+ 4. c3 Bd6 5. d5 Nb8 6. Be2 Nf6 7. Bg5 O-O 8. O-O
Be7 9. Nbd2 d6 10. c4 Bg4 11. Qc2 Nbd7 12. b4 Bxf3 13. Nxf3 h6 14. Be3 c6 15.
Rfb1 cxd5 16. exd5 b6 17. a4 Rc8 18. Qb3 Ng4 19. a5 Nxe3 20. Qxe3 bxa5 21. Rxa5
Nb6 22. Rxa7 Nxc4 23. Bxc4 Rxc4 24. h3 Bg5 25. Qb3 Qb6 26. Qxc4 Qxa7 27. Nxg5
hxg5 28. Qg4 f6 29. Qe6+ Rf7 30. Qxd6 Rd7 31. Qe6+ Kh7 32. b5 Rb7 33. Qc6 e4 34.
d6 1-0

[Event "AUTO-MASTER-3094"]
[Site "http://www.queenalice.com/game.php?id=1783679"]
[Date "2022.2.28"]
[Round "1"]
[White "Wenderson"]
[Black "Takeda"]
[Result "0-1"]
[WhiteElo "1931"]
[BlackElo "2131"]

1. e4 g6 2. d4 Bg7 3. Nf3 d6 4. Bb5+ c6 5. Bd3 Nf6 6. O-O O-O 7. c3 Bg4 8. Bg5
Nbd7 9. Nbd2 Qb6 10. Rb1 c5 11. Nc4 Qc7 12. h3 Bh5 13. g4 Nxg4 14. Bxe7 Rfe8 15.
Bxd6 Qc8 16. hxg4 Bxg4 17. Bxc5 Nxc5 18. dxc5 Qxc5 19. Ne3 Bh5 20. Ng2 Bh6 21.
Ngh4 Re5 22. Qb3 Rg5+ 23. Kh2 Bxf3 24. Nxf3 Rg4 25. Qd5 Qc7+ 26. e5 Rd8 27. Qb5
a6 28. Qb3 Rxd3 29. Qc2 Rxf3 30. Rg1 Qxe5+ 31. Rg3 Rfxg3 32. fxg3 Qxg3+ 0-1

[Event "AUTO-MASTER-3094"]
[Site "http://www.queenalice.com/game.php?id=1783694"]
[Date "2022.2.28"]
[Round "1"]
[White "o3bor52"]
[Black "Wenderson"]
[Result "0-1"]
[WhiteElo "1856"]
[BlackElo "1947"]

1. e4 e5 2. Nf3 Nc6 3. a3 Nf6 4. Nc3 Be7 5. b4 d6 6. h3 O-O 7. Bc4 a6 8. d3 Nd4
9. Nxd4 exd4 10. Nd5 Nxd5 11. Bxd5 Bf6 12. O-O h6 13. Bb2 c5 14. Qd2 Rb8 15.
Rab1 Be6 16. Bb3 Bxb3 17. cxb3 Qe7 18. f4 b6 19. g3 Qe6 20. Kg2 Qxb3 21. Bc1
Qxb1 22. Bb2 Qa2 23. f5 Qb3 24. Qd1 Qxb2+ 25. Rf2 Qxa3 26. Qb1 Qxb4 27. Rb2 Qa4
28. Ra2 Qb5 29. Rb2 Qc6 30. Qa2 Ra8 31. Kf3 g5 32. g4 Rfd8 33. Re2 Qb5 34. Qc2
a5 35. Qc4 Qxc4 36. dxc4 a4 37. Ra2 a3 38. Ke2 Rdb8 39. Kd3 b5 40. cxb5 Rxb5 41.
Kc4 Rb2 42. Rxb2 axb2 43. Kd5 b1=Q 44. h4 Qb3+ 45. Kxd6 Ra6+ 46. Kxc5 Qb6+ 47.
Kc4 Ra4+ 48. Kd3 Qb3+ 0-1

[Event "AUTO-MASTER-3094"]
[Site "http://www.queenalice.com/game.php?id=1783695"]
[Date "2022.2.28"]
[Round "1"]
[White "Wenderson"]
[Black "o3bor52"]
[Result "1-0"]
[WhiteElo "1945"]
[BlackElo "1894"]

1. e4 c5 2. Nf3 a6 3. d3 d6 4. Be2 Nc6 5. O-O e6 6. Bg5 f6 7. Be3 e5 8. Nc3 Nge7
9. a3 b5 10. h3 g5 11. Nd5 Nxd5 12. exd5 Ne7 13. c4 Bb7 14. b4 Nf5 15. Nd2 Nd4
16. Bh5+ Ke7 17. Bxd4 cxd4 18. Ne4 Bg7 19. Qg4 Bc8 20. Qf3 Rf8 21. Nxd6 Kxd6 22.
c5+ Kc7 23. Rac1 Kb7 24. d6+ Ka7 25. a4 a5 26. axb5 Kb8 27. Qd5 axb4 28. Bf3 Ra7
29. Ra1 Ra5 30. Qa8+ 1-0

[Event "AUTO-MASTER-3094"]
[Site "http://www.queenalice.com/game.php?id=1783706"]
[Date "2022.2.28"]
[Round "1"]
[White "Wenderson"]
[Black "kakocarvalho"]
[Result "0-1"]
[WhiteElo "1988"]
[BlackElo "2053"]

1. e4 d6 2. Nf3 Nf6 3. Nc3 g6 4. Bc4 Bg7 5. O-O O-O 6. d3 Nbd7 7. Bg5 h6 8. Bxf6
Nxf6 9. Rb1 Bg4 10. h3 Bd7 11. Nd5 Nxd5 12. Bxd5 c6 0-1

[Event "AUTO-MASTER-3094"]
[Site "http://www.queenalice.com/game.php?id=1783707"]
[Date "2022.2.28"]
[Round "1"]
[White "kakocarvalho"]
[Black "Wenderson"]
[Result "1-0"]
[WhiteElo "2050"]
[BlackElo "1957"]

1. Nf3 Nc6 2. e4 e5 3. Bc4 Be7 4. O-O d6 5. d4 Bg4 6. h3 Bh5 7. g4 Bg6 8. Re1
Nxd4 9. Nxd4 exd4 10. Qxd4 Bf6 11. Qe3 Bg5 12. f4 Bh4 13. Re2 Nf6 14. f5 Bh5 15.
e5 Nxg4 16. hxg4 Bxg4 17. exd6+ Be7 18. dxe7 Qd1+ 19. Re1 Qxc2 20. Nc3 Qxf5 21.
Qg3 Qc5+ 22. Be3 Qxc4 23. Rac1 f5 24. Bf4 Kd7 25. b3 Qf7 26. Bxc7 Rhe8 27. Qd6+
Kc8 28. Qd8+ Rxd8 29. exd8=Q# 1-0

[Event "AUTO-OPEN-4358"]
[Site "http://www.queenalice.com/game.php?id=1785574"]
[Date "2022.3.24"]
[Round "1"]
[White "Wenderson"]
[Black "Jailt0nMendes"]
[Result "0-1"]
[WhiteElo "1957"]
[BlackElo "1887"]

1. e4 c5 2. Nf3 d6 3. Bb5+ Nd7 4. d3 Nf6 5. O-O e5 6. Bg5 Be7 7. Nc3 O-O 8. Bxd7
Bxd7 9. Bxf6 Bxf6 10. Nd5 Bc6 11. Nxf6+ Qxf6 12. Nd2 d5 13. Qf3 Qh6 14. Qe3 Qd6
0-1

[Event "AUTO-OPEN-4358"]
[Site "http://www.queenalice.com/game.php?id=1785575"]
[Date "2022.3.24"]
[Round "1"]
[White "Jailt0nMendes"]
[Black "Wenderson"]
[Result "1-0"]
[WhiteElo "1906"]
[BlackElo "1938"]

1. e4 e5 2. Nf3 Nc6 3. Bb5 d6 4. O-O Nf6 5. d4 Bd7 6. Re1 Be7 7. c3 O-O 8. Bg5
h6 9. Bh4 a6 10. Ba4 Bg4 11. d5 b5 12. dxc6 bxa4 13. Nbd2 Nxe4 14. Bxe7 1-0

[Event "AUTO-ADV-4598"]
[Site "http://www.queenalice.com/game.php?id=1785613"]
[Date "2022.3.24"]
[Round "1"]
[White "bdpq"]
[Black "Wenderson"]
[Result "1-0"]
[WhiteElo "1800"]
[BlackElo "1914"]

1. e4 e5 2. d4 exd4 3. Qxd4 Nc6 4. Qd1 d6 5. Nc3 Nf6 6. Bg5 Be7 7. Bb5 O-O 8.
Bxc6 bxc6 9. Qf3 Bg4 10. Qd3 Rb8 11. b3 h6 12. Be3 a5 13. Nge2 Bxe2 14. Qxe2 Rb4
15. O-O Nxe4 16. Qg4 Nxc3 17. Qf3 Bf6 18. Bd2 Rb6 19. Bxc3 Bxc3 20. Rad1 Be5 21.
Qe2 1-0

[Event "AUTO-ADV-4598"]
[Site "http://www.queenalice.com/game.php?id=1785614"]
[Date "2022.3.24"]
[Round "1"]
[White "Wenderson"]
[Black "bdpq"]
[Result "0-1"]
[WhiteElo "1893"]
[BlackElo "1821"]

1. e4 d5 2. exd5 Qxd5 3. Nc3 Qd8 4. Nf3 e6 5. Bb5+ c6 6. Bc4 b5 7. Bb3 Bb4 8.
O-O Bxc3 9. dxc3 Qxd1 10. Rxd1 Ne7 11. Bg5 f6 12. Be3 Nf5 13. Bc5 Nd7 14. Bd6
Nxd6 15. Rxd6 Nb6 16. Bxe6 Bxe6 17. Rxe6+ Kf7 18. Rxc6 Rae8 19. Rc7+ Kg6 20.
Rxa7 Re2 21. Nd4 Re5 0-1

[Event "AUTO-ADV-4598"]
[Site "http://www.queenalice.com/game.php?id=1785625"]
[Date "2022.3.24"]
[Round "1"]
[White "Kapablanca"]
[Black "Wenderson"]
[Result "1-0"]
[WhiteElo "2102"]
[BlackElo "1740"]

1. d4 d5 2. Nf3 Nc6 3. e3 Bg4 4. Be2 Bxf3 5. Bxf3 Nf6 6. O-O e6 7. Nd2 Bd6 8. c4
O-O 9. cxd5 exd5 10. Be2 Ne7 11. Nf3 c5 12. dxc5 Bxc5 13. b3 Ne4 14. Bb2 Bb4 15.
Bd3 f5 16. a3 Ba5 17. b4 Bc7 18. Nd4 Qd6 19. Nf3 Ng5 20. g3 Nh3+ 21. Kg2 Qh6 22.
Nh4 Ng5 23. f4 Ne4 24. Rc1 Bb6 25. Re1 Rae8 26. Qb3 Ng6 27. Qxd5+ Rf7 28. Nxf5
Nxf4+ 29. exf4 Qh5 30. Bxe4 Rd8 31. Nd6 Qh6 32. Qxf7+ Kh8 33. Ne8 Rd2+ 34. Kf3
1-0

[Event "AUTO-ADV-4598"]
[Site "http://www.queenalice.com/game.php?id=1785626"]
[Date "2022.3.24"]
[Round "1"]
[White "Wenderson"]
[Black "Kapablanca"]
[Result "0-1"]
[WhiteElo "1947"]
[BlackElo "1947"]

1. e4 e6 2. d4 d5 3. Nc3 c5 4. dxc5 Bxc5 5. Be3 d4 6. Bb5+ Nc6 7. Na4 Qa5+ 8.
Nc3 dxc3 9. Bxc6+ bxc6 10. b3 Bxe3 11. fxe3 Ba6 12. Qd4 Nf6 13. Qd6 Bb7 14. a4
Rd8 15. Qg3 O-O 16. Qf4 c5 17. Nf3 Bxe4 18. Ng5 Qb4 19. Rc1 Bxg2 20. Rg1 Qxf4
21. exf4 Be4 22. Nxe4 Nxe4 23. Ke2 f5 24. Rg2 Rd4 25. Rcg1 Rd2+ 26. Kf3 Rxg2 27.
Rxg2 Rd8 28. Re2 Rd2 29. a5 Kf7 30. Ke3 Kf6 0-1

[Event "AUTO-ADV-4598"]
[Site "http://www.queenalice.com/game.php?id=1785633"]
[Date "2022.3.24"]
[Round "1"]
[White "Wenderson"]
[Black "Sigmund"]
[Result "0-1"]
[WhiteElo "1788"]
[BlackElo "1738"]

1. e4 e5 2. Nf3 d6 3. Nc3 Nf6 4. Bb5+ Bd7 5. Bxd7+ Nbxd7 6. O-O Nc5 7. d3 h6 8.
Be3 Qe7 9. Bxc5 dxc5 10. Re1 O-O-O 11. Nb5 c4 0-1

[Event "AUTO-ADV-4598"]
[Site "http://www.queenalice.com/game.php?id=1785634"]
[Date "2022.3.24"]
[Round "1"]
[White "Sigmund"]
[Black "Wenderson"]
[Result "1-0"]
[WhiteElo "1756"]
[BlackElo "1770"]

1. e4 e5 2. Bc4 Nc6 3. Nf3 Nf6 4. d3 Bb4+ 5. Bd2 Bxd2+ 6. Nbxd2 h6 7. O-O d6 8.
h3 O-O 9. Nh2 Nd4 10. c3 Ne6 11. f3 1-0

[Event "AUTO-MASTER-3098"]
[Site "http://www.queenalice.com/game.php?id=1785674"]
[Date "2022.3.26"]
[Round "1"]
[White "Wenderson"]
[Black "dave_j"]
[Result "0-1"]
[WhiteElo "1965"]
[BlackElo "2160"]

1. e4 e6 2. d4 a6 3. Nf3 d5 4. Nc3 dxe4 5. Nxe4 Be7 6. Be2 Nf6 7. Nxf6+ Bxf6 8.
c3 O-O 9. O-O Nc6 10. Bf4 Ne7 11. Ne5 Nd5 12. Qd2 Nxf4 13. Qxf4 Bxe5 14. Qxe5
Qd6 15. Qe4 c6 16. Bd3 f5 17. Qh4 Rf6 18. Rfe1 Rh6 19. Qg3 Qxg3 20. fxg3 Bd7 21.
Re5 b5 0-1

[Event "AUTO-MASTER-3098"]
[Site "http://www.queenalice.com/game.php?id=1785675"]
[Date "2022.3.26"]
[Round "1"]
[White "dave_j"]
[Black "Wenderson"]
[Result "1-0"]
[WhiteElo "2214"]
[BlackElo "1960"]

1. d4 d5 2. c4 Nf6 3. c5 Nc6 4. Nc3 e5 5. e3 exd4 6. exd4 Be7 7. Be2 O-O 8. Nf3
Bg4 9. h3 Bxf3 10. Bxf3 Re8 11. O-O Qd7 12. Be3 Qf5 13. Ne2 Bd6 14. cxd6 Ne4 15.
Bxe4 dxe4 16. Ng3 Qb5 17. d5 Nb4 18. Nf5 Rad8 19. Nxg7 Kxg7 20. Qg4+ Kh8 21.
Bd4+ Re5 22. Bxe5+ f6 23. Bxf6# 1-0